00934 2200169 4500245004800000020002200048250001100070100002600081650001600107005001900123260003000142041001400172084000800186300002200194500053900216336000900755 aAmbilkan BulancWanda Mahira MaysharahText a978-979-066-912-3 aCet. 1 aWanda Mahira Mayshara aCerita Anak a20231010131506 aBandungbDAR! Mizanc2012 aIndonesia a813 a128 hlm. :cilus. aLewat dunia maya, Amelia berhasil menemukan sepupunya, Ambar, yang tak pernah dikenalnya. Meskipun mamanya tak mengizinkan, Amelia bersikeras ingin berlibur ke rumah Ambar di desa, sekaligus ingin bertemu dengan kakek dan neneknya yang ternyata masih hidup. Di sanalah Amelia dan teman-teman barunya mengalami petualangan meneganggkan ketika mereka tersesat di Hutan Sentanu yang angker. Benarkah di hutab itu ada genduruwo seperti kepercayaan warga desa setempat? Siapa Mbah Gondrong yang ditakuti setengah mati oleh semua orang itu? atext